| Tag |
First Indicator |
Second Indicator |
Subfields |
| LEADER |
00000cam a2200000 a 4500 |
| 001 |
in00000016803 |
| 005 |
20151007053310.0 |
| 008 |
870330s1987 enka b 00100 eng |
| 010 |
|
|
|a 87009419
|
| 020 |
|
|
|a 0632015551 :
|c £27.50
|
| 035 |
|
|
|a (OCoLC)15550631
|
| 035 |
|
|
|9 AAB1134AM
|
| 040 |
|
|
|a DLC
|c DLC
|d TXA
|d UtOrBLW
|
| 049 |
|
|
|a TXAM
|c [A11465642]
|
| 050 |
0 |
0 |
|a AZ182
|b .C66 1987
|
| 082 |
0 |
|
|a 371.3/9445
|2 19
|
| 245 |
0 |
0 |
|a Computer assisted learning in the humanities and social sciences /
|c edited by W.A. Kent with R. Lewis.
|
| 264 |
|
1 |
|a Oxford [Oxfordshire] ;
|a Boston :
|b Blackwell Scientific Publications,
|c 1987.
|
| 300 |
|
|
|a x, 213 pages :
|b illustrations ;
|c 24 cm.
|
| 336 |
|
|
|a text
|b txt
|2 rdacontent
|
| 337 |
|
|
|a unmediated
|b n
|2 rdamedia
|
| 338 |
|
|
|a volume
|b nc
|2 rdacarrier
|
| 504 |
|
|
|a Includes bibliographies and index.
|
| 500 |
|
|
|a On cover: ESRC, Economic and Social Research Council.
|
| 500 |
|
|
|a Papers presented at an international research seminar held Apr. 6- 8, 1986, at the University of London Institute of Education.
|
| 650 |
|
0 |
|a Humanities
|x Computer-assisted instruction.
|
| 650 |
|
0 |
|a Social sciences
|x Computer-assisted instruction.
|
| 700 |
1 |
|
|a Kent, W. A.
|q (William Ashley),
|d 1945-
|
| 700 |
1 |
|
|a Lewis, R.
|q (Robert),
|d 1940-
|
| 710 |
2 |
|
|a Economic and Social Research Council (Great Britain)
|
| 999 |
|
|
|a MARS
|
| 999 |
f |
f |
|s 2c8b1982-f170-3f03-9eb9-1c14fad9bc64
|i f13ae3f9-a47d-3cb1-a236-68b9315f7fc1
|t 0
|
| 952 |
f |
f |
|p ric
|a Texas A&M University
|b Rellis Campus
|c Joint Library Facility
|d Remote Storage
|t 0
|e AZ182 .C66 1987
|h Library of Congress classification
|i unmediated -- volume
|m A14811465642
|
| 998 |
f |
f |
|a AZ182 .C66 1987
|t 0
|l Remote Storage
|